000 00336nam a2200145Ia 4500
100 _aMiddleton/ R.G.
650 _aElectrical Engineering
942 _cBK
654 _aT.V.
245 _aT.V. troubleshooting & repair
260 _bD.B.Taraporevala & Sons
_aBombay
_c1978
082 _a621.388
300 _a208
546 _aENGLISH
999 _c34400
_d34400